Figures de styles : difficile - Statistiques

Statistiques générales
  • Ce quiz a été pris 78 fois
  • Le résultat moyen est 7 sur 10
Statistiques - réponses
Hint Réponse % Correct
Je vous entends gronder Comme chute en montagne comparaison
91%
L’Habitude venait me prendre dans ses bras et me portait jusqu'à mon lit comme un petit enfant. Personnification
80%
La mémoire qu’on interroge A de lourds rideaux aux fenêtres métaphore
78%
Ma jeunesse ne fut qu’un ténébreux orage métaphore
78%
Sa vie est une tempête dans laquelle le vent, la foudre et la pluie ne lui permettent pas de voir le soleil. métaphore
78%
Au galop, au trot, au pas. gradation
75%
Un enfant est en train de bâtir un village
C’est une ville, un comté
Et qui sait
Tantôt l’univers.
gradation
75%
Jeune et vieille et muette et parlante antithèse
67%
Le nez de Cyrano? C’est un monticule! hyperbole
61%
Il faudrait permettre aux non-voyants, aux malentendants et aux personnes à mobilité réduite l’accès à des services spécialisés. euphémisme
39%
Aucun quiz correspondant
Distribution des résultats
% des personnes avec chaque résultat
Percentile par nombre de réponses
Votre historique - résultats
Vous n’avez pas pris ce quiz